Natural America / (Record no. 942)

MARC details
000 -LEADER
fixed length control field 00989cam a2200301 a 4500
005 - DATE AND TIME OF LATEST TRANSACTION
control field 20260322212040.0
008 - FIXED-LENGTH DATA ELEMENTS--GENERAL INFORMATION
fixed length control field data
010 ## - LIBRARY OF CONGRESS CONTROL NUMBER
LC control number 97045239
020 ## - INTERNATIONAL STANDARD BOOK NUMBER
International Standard Book Number 0792270606
020 ## - INTERNATIONAL STANDARD BOOK NUMBER
International Standard Book Number 0792270649 (dlx)
020 ## - INTERNATIONAL STANDARD BOOK NUMBER
International Standard Book Number 9780792270607
020 ## - INTERNATIONAL STANDARD BOOK NUMBER
International Standard Book Number 9780792270645 (dlx)
040 ## - CATALOGING SOURCE
Original cataloging agency DLC
Transcribing agency DLC
Modifying agency DLC
043 ## - GEOGRAPHIC AREA CODE
Geographic area code n-us---
050 00 - LIBRARY OF CONGRESS CALL NUMBER
Classification number QH104
Item number .W37 1998
082 00 - DEWEY DECIMAL CLASSIFICATION NUMBER
Classification number 508.73
Edition information 21
092 ## - LOCALLY ASSIGNED DEWEY CALL NUMBER (OCLC)
Classification number 508.31 W385 1998
001 - CONTROL NUMBER
control field data
100 1# - MAIN ENTRY--PERSONAL NAME
Personal name Watkins, T. H.
Dates associated with a name 1936-
Fuller form of name (Tom H.),
245 10 - TITLE STATEMENT
Title Natural America /
Statement of responsibility, etc. T. H. Watkins & National Geographic Society (U.S.).
260 ## - PUBLICATION, DISTRIBUTION, ETC.
Place of publication, distribution, etc. Washington, D.C. :
Name of publisher, distributor, etc. National Geographic Society,
Date of publication, distribution, etc. c1998.
300 ## - PHYSICAL DESCRIPTION
Extent 200 p. :
Other physical details col. ill. ;
Dimensions 26 cm.
500 ## - GENERAL NOTE
General note "Prepared by the Book Division, National Geographic Society."
504 ## - BIBLIOGRAPHY, ETC. NOTE
Bibliography, etc. note Includes bibliographical references (p. 196) and index.
650 #0 - SUBJECT ADDED ENTRY--TOPICAL TERM
Topical term or geographic name entry element Natural history
Geographic subdivision United States.
650 #0 - SUBJECT ADDED ENTRY--TOPICAL TERM
Topical term or geographic name entry element Nature conservation
Geographic subdivision United States.
710 2# - ADDED ENTRY--CORPORATE NAME
Corporate name or jurisdiction name as entry element National Geographic Society (U.S.).
Subordinate unit Book Division.
Holdings
Withdrawn status Lost status Damaged status Not for loan Home library Current library Shelving location Date acquired Total checkouts Full call number Barcode Date last seen Price effective from Koha item type
        Riverside Riverside General stacks 22/03/2026   508.73 21 BC0010974 22/03/2026 22/03/2026 Books